Yzop lekársky

Bibliographic Details
Format: Article
Language:Slovak
Subjects:

MARC

LEADER 00000nab a2200000 a 4500
001 vtls000119143
003 SK-MaSNL
005 20260304061853.0
008 250422c1982 xo 0 slo
015 |a SNBRB19rr/mm-uuuuu 
035 |a CL0129248 
035 |a urn:nbn:sk:snk-ab38z 
035 |a (urnnbn)urn:nbn:sk:snk:ar-002f94 
035 |a (uuid)ba725646-8f5a-4edb-b4a2-73c753ed85a6 
040 |a SNKBUCL  |b slo  |c SNKBUCL  |e AACR2 
041 0 |a slo 
044 |a xo  |c SK 
080 |a 633.8  |2 1981 
080 |a 582.6/.9  |2 1981 
245 0 0 |a Yzop lekársky 
650 0 7 |a yzop lekársky  |2 snkbucl  |9 112866 
655 7 |a články z novín a časopisov  |2 snkbucl  |9 267496 
773 0 |t Naše liečivé rastliny  |g Roč. 19, č. 3 (1982), s. 80-82 
850 |a Slovenská národná knižnica 
852 |a Slovenská národná knižnica 
958 |a article27 
958 |a OND 
958 |a RK 
992 |a RBX 
999 |c 2735498  |d 2737428